000
00284nam a22001337a 4500
008
170324b xxu||||| |||| 00| 0 eng d
020
_a
068417149x
041
_a
eng
080
_a
615.82
100
_a
8
101
_a
shm
245
_a
FOOTBALL COACHING
_c
HERBERT, D
942
_2
udc
_c
BK
999
_c
8623
_d
8623